Rules of Civility: (Record no. 19328)

MARC details
000 -LEADER
fixed length control field 00360nam a22001337a 4500
008 - FIXED-LENGTH DATA ELEMENTS--GENERAL INFORMATION
fixed length control field 220606b |||||||| |||| 00| 0 eng d
020 ## - INTERNATIONAL STANDARD BOOK NUMBER
International Standard Book Number 0143121169
050 ## - LIBRARY OF CONGRESS CALL NUMBER
Classification number 0143121169
100 ## - MAIN ENTRY--PERSONAL NAME
Personal name Towels, Amor
245 ## - TITLE STATEMENT
Title Rules of Civility:
Remainder of title a Novel /
Statement of responsibility, etc. Amor Towels
260 ## - PUBLICATION, DISTRIBUTION, ETC. (IMPRINT)
Place of publication, distribution, etc. New York
Name of publisher, distributor, etc. Penguin Books
Date of publication, distribution, etc. 2011
300 ## - PHYSICAL DESCRIPTION
Extent 1 Vol. (various paging)
942 ## - ADDED ENTRY ELEMENTS (KOHA)
Source of classification or shelving scheme Library of Congress Classification
Koha item type General Collection
Holdings
Withdrawn status Lost status Source of classification or shelving scheme Not for loan Home library Current library Date acquired Inventory number Total Checkouts Full call number Barcode Date last seen Price effective from Koha item type
    Library of Congress Classification   Kabarak, Main Campus Kabarak, Main Campus 06/06/2022 1076/2021   PS3620 .T69 2011 c.1 032737 06/06/2022 06/06/2022 General Collection
Designed with assistance from East African Informatics Ltd